00727nam a22001697a 4500003000900000008004100009040007100050082001800121100002600139245005400165260006500219300002800284505019400312650001600506650002600522650000900548AR-CdUCM190225b ||||| |||| 00| 0 spa d aMUNICIPALIDAD PROVINCIAL DEL CUSCOcBIBLIOTECA MUNICIPAL DEL CUSCO a891.70 /bK89 aKudriavtsev, Vladimir aEl XXIV congreso del PCUS y la lucha por la paz / aMoscú :bEditorial de la agencia de prensa Novosti,c1972. a103 páginas ;c17 cm. aLa política exterior de la URSS, política de paz -- La cohesión de la comunidad socialista, sostén inexpugnable de la paz -- La URSS y los países emergentes de Asia y África ... aPolítica. aComunidad socialista. aPaz.